| 000 | 01312naa a22003137u 4500 | ||
|---|---|---|---|
| 001 | 04087 | ||
| 003 | HDC | ||
| 007 | cr bn ---aaaaa | ||
| 008 | 210114t2002 flu 000 0 may | ||
| 020 | _a0849322057 (alk. paper) | ||
| 040 | _aHDC | ||
| 100 |
_aRomaine,C.P. _eauthor _94153 |
||
| 245 | 0 |
_adsRNA genetic elements : concepts and applications in agriculture, forestry, and medicine : Chapter 10 _bUnraveling the Viral Complex Associated with La France Disease of the Cultivated Mushroom, Agaricus bisporus / _cby C.P. Romaine and M.M. Goodin ; edited by Stellos M. Tavantzis. |
|
| 260 |
_aBoca Raton, FL : _bCRC Press, _c2002 |
||
| 300 |
_a19 pages : _billustrations |
||
| 336 |
_atext _2rdacontent |
||
| 337 |
_acomputer _2rdamedia |
||
| 338 |
_aonline resource _2rdacarrier |
||
| 504 | _aIncludes bibliographical references and index. | ||
| 650 |
_aAgriculture applications _94127 |
||
| 650 |
_aDouble-stranded RNA _94126 |
||
| 650 |
_aMedicine concepts _94128 |
||
| 700 |
_aGoodin,M.M _eauthor _94154 |
||
| 700 |
_aTavantzis, Stylianos Michael. _eeditor _94129 |
||
| 856 | _zRequest full-text at [email protected] | ||
| 942 | _2lcc | ||
| 942 | _cCHAP | ||
| 942 | _kEBCH 003348 | ||
| 999 |
_c1412 _d1412 |
||